|
|
|
|
| LEADER |
00000cam a2200000 i 4500 |
| 001 |
1/24753 |
| 008 |
960306s1975 eng d |
| 020 |
|
|
|a 0471580317 (pbk)
|c $13.85
|
| 020 |
|
|
|a 0471580317 (pbk)
|c $13.85
|
| 035 |
|
|
|l 10022362
|
| 040 |
|
|
|a GR-MY-UA
|b gre
|e aacr
|
| 041 |
0 |
|
|a eng
|
| 082 |
0 |
|
|a 519.5
|
| 100 |
1 |
|
|a Mayes, Anne C.
|
| 245 |
1 |
0 |
|a Introductory economic statistics /
|c Anne C. Mayes and David G. Mayes
|
| 260 |
|
|
|a London :
|a New York :
|b Wiley,
|c c1976
|
| 300 |
|
|
|a x, 223 p.;
|b ill.;
|c 24 cm
|
| 504 |
|
|
|a Includes bibliographies and index
|
| 650 |
0 |
0 |
|a Statistics.
|
| 700 |
1 |
|
|a Mayes, David G.
|
| 852 |
|
|
|a INST
|b CHIOS
|e 19960306
|h 519.502433 MAY
|p 005200004764
|q 005200004764
|t BK
|y 0
|
| 909 |
|
|
|a Χ
|b 003874
|